Cigar, marijuana, and blunt use among US adolescents: Are we accurately estimating the prevalence of cigar smoking among youth?

Gespeichert in:  
Bibliographische Detailangaben
VerfasserInnen: Delnevo, Cristine D. (Verfasst von) ; Hrywna, Mary (Verfasst von) ; Bover-Manderski, Michelle T. (Verfasst von)
Medienart: Elektronisch Aufsatz
Sprache:Englisch
Veröffentlicht: 2011
In: Preventive medicine
Jahr: 2011, Band: 52, Heft: 6, Seiten: 475-476
Online-Zugang: Volltext (kostenfrei)
Verfügbarkeit prüfen: HBZ Gateway

MARC

LEADER 00000caa a22000002c 4500
001 1912479656
003 DE-627
005 20250122054940.0
007 cr uuu---uuuuu
008 241217s2011 xx |||||o 00| ||eng c
024 7 |a 10.1016/j.ypmed.2011.03.014  |2 doi 
035 |a (DE-627)1912479656 
035 |a (DE-599)KXP1912479656 
040 |a DE-627  |b ger  |c DE-627  |e rda 
041 |a eng 
084 |a 2,1  |2 ssgn 
100 1 |a Delnevo, Cristine D.  |e VerfasserIn  |4 aut 
245 1 0 |a Cigar, marijuana, and blunt use among US adolescents: Are we accurately estimating the prevalence of cigar smoking among youth? 
264 1 |c 2011 
336 |a Text  |b txt  |2 rdacontent 
337 |a Computermedien  |b c  |2 rdamedia 
338 |a Online-Ressource  |b cr  |2 rdacarrier 
700 1 |a Hrywna, Mary  |e VerfasserIn  |4 aut 
700 1 |a Bover-Manderski, Michelle T.  |e VerfasserIn  |4 aut 
773 0 8 |i Enthalten in  |t Preventive medicine  |d Amsterdam : Elsevier, 1972  |g 52(2011), 6, Seite 475-476  |h Online-Ressource  |w (DE-627)268126887  |w (DE-600)1471564-8  |w (DE-576)104194022  |x 1096-0260  |7 nnas 
773 1 8 |g volume:52  |g year:2011  |g number:6  |g pages:475-476 
787 0 8 |i Forschungsdaten  |a United States Department of Health and Human Services. Substance Abuse and Mental Health Services Administration. Office of Applied Studies  |t National Survey on Drug Use and Health, 2007  |d [Erscheinungsort nicht ermittelbar] : [Verlag nicht ermittelbar], 2008  |w (DE-627)1840045256 
856 |u https://europepmc.org/articles/pmc3139401?pdf=render  |x unpaywall  |z Vermutlich kostenfreier Zugang  |h repository [oa repository (via OAI-PMH doi match)] 
856 4 0 |u https://doi.org/10.1016/j.ypmed.2011.03.014  |x Resolving-System  |z kostenfrei  |3 Volltext  |7 0 
935 |a mkri 
951 |a AR 
ELC |a 1 
LOK |0 000 xxxxxcx a22 zn 4500 
LOK |0 001 4637445159 
LOK |0 003 DE-627 
LOK |0 004 1912479656 
LOK |0 005 20241217044223 
LOK |0 008 241217||||||||||||||||ger||||||| 
LOK |0 035   |a (DE-2619)ICPSR171157 
LOK |0 040   |a DE-2619  |c DE-627  |d DE-2619 
LOK |0 092   |o n 
LOK |0 852   |a DE-2619 
LOK |0 852 1  |9 00 
LOK |0 935   |a nacp 
LOK |0 939   |a 17-12-24  |b l01 
OAS |a 1 
ORI |a SA-MARC-krimdoka001.raw